000 01692cam a22003854a 4500
001 15600725
003 OSt
005 20211209145357.0
008 090127s2009 njuab b 001 0 eng c
010 _a 2009921681
020 _a9780691143453 (softcover)
020 _a0691143455 (softcover)
035 _a(OCoLC)ocn320801703
040 _aBTCTA
_cHU
_dPUL
_dBWX
_dSDB
_dYDXCP
_dIQU
_dDLC
042 _apcc
043 _afh-----
050 0 0 _aQL692.H5
_bR43 2009b
082 0 0 _a598.0963
_222
100 1 _aRedman, Nigel.
_920171
245 1 0 _aBirds of the Horn of Africa :
_bEthiopia, Eritrea, Djibouti, Somalia, and Socotra /
_cNigel Redman, Terry Stevenson and John Fanshawe ; with contributions from Nik Borrow and Brian Finch ; illustrated by John Gale and Brian Small.
260 _aPrinceton, N.J. :
_bPrinceton University Press,
_cc2009.
300 _a496 p. :
_bill. (chiefly col.), col. maps ;
_c22 cm.
490 1 _aPrinceton field guides
500 _a"Published in the United Kingdom and European Union in 2009 by Christopher Helm"--T.p. verso.
504 _aIncludes bibliographical references (p. 477-478) and indexes.
650 0 _aBirds
_zHorn of Africa
_vIdentification.
_920173
650 0 _aBirds
_zHorn of Africa
_vPictorial works.
_920174
650 0 _aBirds
_zHorn of Africa
_xGeographical distribution.
_920175
700 1 _aStevenson, Terry.
_920176
700 1 _aFanshawe, John.
_920177
830 0 _aPrinceton field guides.
_920172
906 _a7
_bcbc
_cpccadap
_d2
_eepcn
_f20
_gy-gencatlg
942 _2ddc
_cBOOKS
_n0
999 _c22089
_d22089